000 00307nam a22001337a 4500
008 170619b xxu||||| |||| 00| 0 eng d
020 _a9780815626299
041 _aeng
080 _a32
100 _a20
101 _aSHP
245 _aIDEOLOGY AND POLITICS THE ARAB WORLD
_cSALEM.P
942 _2udc
_cBK
999 _c18063
_d18063